Logo BPK

Biblioteka

Politechniki Koszalińskiej

Kodeks przepisów federalnych USA o ochronie środowiska = (Rekord nr 32778)

Szczegóły MARC
000 -ETYKIETA REKORDU
podpole kontrolne o stałej długości 01214nam a2200265 i 4500
001 - NUMER KONTROLNY REKORDU
pole kontrolne bg
020 ## - MIĘDZYNARODOWY ZNORMALIZOWANY NUMER KSIĄŻKI - ISBN
ISBN 8386272627
040 ## - ŹRÓDŁO KATALOGOWANIA
Instytucja, która utworzyła rekord BPK
041 1# - KOD JĘZYKA
Kod języka tekstu enpl
Kod języka oryginału enen
080 ## - UNIWERSALNA KLASYFIKACJA DZIESIĘTNA - UKD
UKD 349.6(73)"1997"
920 ## - Międzynarodowy znormalizowany numer książki – ISBN
ISBN 83-86272-62-7
008 - POLE O STAŁEJ DŁUGOŚCI - DANE KONTROLNE
podpole kontrolne o stałej długości s pl f |000 0 pol
245 00 - TYTUŁ/ODPOWIEDZIALNOŚĆ
Tytuł Kodeks przepisów federalnych USA o ochronie środowiska =
Ciąg dalszy tytułu Code of federal regulations of the USA protection of environment /
Pozostałe elementy strefy tytułu i oznaczenia odpowiedzialności wstęp i tł. [z ang.] Kazimierza Równego.
246 11 - WARIANT TYTUŁU
Tytuł Code of federal regulations of the USA protection of environment
250 ## - STREFA WYDANIA
Oznaczenie wydania Stan w dniu 1 stycznia 1997.
260 ## - STREFA ADRESU WYDAWNICZEGO
Miejsce wydania Białystok :
Nazwa wydawcy/dystrybutora Dział Wydawnictw i Poligrafii PB,
Data publikacji, dystrybucji/powstania dokumentu 1997.
300 ## - STREFA OPISU FIZYCZNEGO
Objętość XXII, 89 s. ;
Rozmiary 23 cm.
490 1# - STREFA SERII I DOKUMENTU WIELOCZĘŚCIOWEGO - FORMA NIE DO WYSZUKIWANIA
Tytuł i oznaczenie odpowiedzialności serii Studia i Materiały / Politechnika Białostocka. Katedra Ekonomiki i Zarządzania Ochroną Środowiska
500 ## - UWAGI OGÓLNE
Tekst uwagi Tekst równol. w jęz. pol. i ang.
650 #9 - HASŁO PRZEDMIOTOWE W FORMIE NAZWY OGÓLNEJ LUB JEDNOSTKOWEJ
Nazwa ogólna lub geograficzna Środowisko człowieka
Określnik ogólny prawo
Określnik geograficzny Stany Zjednoczone
Określnik chronologiczny stan na 1997 r.
700 1# - HASŁO DODATKOWE - NAZWA OSOBOWA
Nazwa osobowa RÓWNY, Kazimierz.
Określenie związku między hasłem a opisywanym materiałem Przedm.
710 0# - HASŁO DODATKOWE - NAZWA CIAŁA ZBIOROWEGO
Nazwa ciała zbiorowego lub jednostki geograficznej POLITECHNIKA BIAŁOSTOCKA
Nazwa jednostki podrzędnej Katedra Ekonomiki i Zarządzania Ochroną Środowiska
830 #0 - HASŁO DODATKOWE SERII LUB DOKUMENTU WIELOCZĘŚCIOWEGO - TYTUŁ UJEDNOLICONY
Tytuł ujednolicony Studia i Materiały (Politechnika Białostocka. Katedra Ekonomiki i Zarządzania Ochroną Środowiska)
856 ## - LOKALIZACJA I DOSTĘP DO ELEKTRONICZNYCH DOKUMENTÓW ZDALNYCH
Link (URL) http://koha.tu.koszalin.pl/cgi-bin/koha/opac-detail.pl?biblionumber=32778
Tekst linku Katalog online BPK
942 ## - DODATKOWE ELEMENTY (KOHA)
Typ dokumentu Książka
Egzemplarze
Wycofany Status egzemplarza Uszkodzony Dostępność Lokalizacja stała Lokalizacja bieżąca Miejsce przechowywania Sygnatura Kod kreskowy Dział Typ dokumentu
      Tylko na miejscu Biblioteka Politechniki Koszalińskiej Biblioteka Politechniki Koszalińskiej Czytelnia BG 42284 01317855 349.6 Prawo ochrony środowiska Książka
© 2023 Biblioteka Politechniki Koszalińskiej :: KOHA